000 00494nam a2200181Ia 4500
005 20250326123547.0
008 250326s9999 xx 000 0 und d
037 _aTextbook
040 _aFMSL
_beng
_cFMSL
041 _aeng
_2eng
084 _aB3 L0.1
_qFMSL
100 _aRothery B
245 0 _aPractice of systems analysis
_cRothery B; Mullally A
260 _aLondon
_bLondon, Business Books
_c1970
300 _a1-58p
942 _cTB
_hB3 L0.1
999 _c1269924
_d1269924